| 000 | 00505nam a2200193Ia 4500 | ||
|---|---|---|---|
| 001 | 58903 | ||
| 008 | 150813n2014 ii |||gr||||Z||||||465 | ||
| 020 | _a978-81-7132-767-6 | ||
| 082 | _a576 | ||
| 245 | 0 |
_aApplied Microbiology _cSampat Nehra _hTextual Documents |
|
| 250 | _aIst ed. | ||
| 260 |
_aRajasthan _bPointer Publishers _c2014 |
||
| 300 |
_a263pg: _c27cm. |
||
| 653 | _aGenetics & evolution | ||
| 653 | _aBotany | ||
| 653 | _aDept-Botany | ||
| 700 |
_aNehra,Sampat, _eAuthor. |
||
| 942 |
_2ddc _cBK |
||
| 999 |
_c58790 _d58790 |
||